000 00539cam a22001934a 4500
005 20250605164244.0
008 250528s ||||||||||||||||||||||||d
035 _a21418
040 _aGR-AtMCL
_bgre
_dGR-AtMCL
_eAACR2
245 1 _aΗ ΓΛΩΣΣΑ COBOL ΚΑΙ ΟΙ ΕΦΑΡΜΟΓΕΣ ΤΗΣ
250 _a1
260 _bΝέων Τεχνολογιών,
_c1989
300 _a285
700 1 _aΚοιλιας Χρ
_95866
700 1 _aΜαραγκός Στρατής
_91578
942 _cBK
999 _c6480
_d6480